Paroles - Ilona - Un monde parfait - Statistiques

Statistiques générales
  • Ce quiz a été pris 438 fois
  • Le résultat moyen est 256 sur 330
Statistiques - réponses
Réponse % Correct
un
99%
Un
99%
de
96%
De
96%
une
95%
Ce
93%
ce
93%
mon
93%
Des
92%
des
92%
Du
90%
du
90%
j'imagine
90%
me
90%
sans
90%
Le
89%
oiseau
89%
chèvre
88%
en
88%
je
88%
matin
88%
nuage
88%
bleu
86%
monde
86%
pays
85%
et
84%
Et
84%
ciel
83%
enfant
83%
parfait
83%
comme
82%
que
82%
ça
78%
merveilles
78%
rouge
78%
dessin
77%
soleil
77%
au
76%
crocodile
76%
les
76%
73%
73%
bout
70%
c'est
70%
animaux
69%
lèvres
69%
Avec
67%
avec
67%
image
67%
vache
66%
ne
65%
plus
65%
couleurs
64%
m'endors
64%
plait
64%
soir
64%
sourire
64%
tous
64%
beau
63%
cage
63%
quelques
62%
sage
62%
sens
62%
tout
62%
pinceau
59%
fais
58%
qu'il
58%
car
56%
Car
56%
vivent
56%
abeille
54%
perroquets
50%
peu
49%
jaunes
47%
vient
46%
verts
45%
fleurs
43%
toutes
42%
sucre
39%
sel
38%
crayon
35%
blancs
33%
contour
33%
maisons
33%
recommence
28%
j'efface
27%
Quand
27%
d'autres
24%
étoile
23%
mets
23%
m'plait
22%
Aucun quiz correspondant
Distribution des résultats
% des personnes avec chaque résultat
Percentile par nombre de réponses
Votre historique - résultats
Vous n’avez pas pris ce quiz